|
|
|
|
| LEADER |
00000nam a22000007a 4500 |
| 005 |
2021050306426.0 |
| 007 |
cr|||| |||| |
| 008 |
210503s2018 co |||||s|||| 00||0 spa d |
| 020 |
|
|
|a 978-958-665-486-9
|
| 035 |
|
|
|a 33234
|
| 040 |
|
|
|a vLex
|
| 090 |
|
|
|c 11596
|d 11596
|
| 100 |
1 |
|
|a Barbosa Cruz, Mario
|
| 245 |
1 |
2 |
|a La paz, un largo proceso
|h [Recurso electrn̤ico] :
|b Relato autobiogrf̀ico de Alberto Rojas Puyo /
|c Mario Barbosa Cruz, Alberto Rojas Puyo
|
| 256 |
|
|
|a Servicio en ln̕ea
|
| 260 |
|
|
|a Bogot:̀
|b Siglo del Hombre Editores,
|c 2018
|
| 300 |
|
|
|a 1 recurso electrn̤ico
|
| 500 |
|
|
|a La paz, entendida como un largo proceso, es uno de los ejes temt̀icos de este testimonio autobiogrf̀ico de Alberto Rojas Puyo. A comienzos de 1980, este polt̕ico colombiano, que entonces militaba en el Partido Comunista Colombiano, insisti ̤en que la resolucin̤ del conflicto armado sl̤o se poda̕ pensar como un proceso y no simplemente como la reunin̤ de las partes y la firma de un acuerdo de desarme y desmovilizacin̤. Este autorrelato sobre la vida de Rojas Puyo comprende desde su nięz en Pitalito (Huila) hasta su experiencia como senador de la repb︢lica durante la dčada de 1980. Coedicin̤ con la Universidad del Rosario.
|
| 506 |
1 |
|
|a Disponible solo en los productos indicados
|d vLex Global
|d vLex Global (Academic Edition, excluding Law Schools)
|d vLex Global (U.S. Academic Edition, Law Schools)
|d vLex Global (U.S. Academic Edition, excluding Law Schools)
|d vLex Global (Academic Edition, Law Schools)
|
| 650 |
0 |
4 |
|a Ciencias sociales
|z Colombia
|
| 650 |
0 |
4 |
|a Humanidades
|z Colombia
|
| 700 |
1 |
|
|a Rojas Puyo, Alberto
|
| 740 |
0 |
|
|a vLex Libros (Servicio en ln̕ea)
|
| 856 |
4 |
0 |
|u https://vlex.com/source/paz-un-largo-proceso-relato-autobiografico-de-alberto-rojas-puyo-33234
|z Acceso restringido
|
| 942 |
|
|
|c BOOK
|
| 999 |
0 |
|
|a Social Sciences
|
| 999 |
0 |
|
|a Humanities
|